000 00589nam a2200205 i 4500
001 95165
003 ES-MaACL
005 20230906181640.0
007 t|
008 050524s1962 sp ||||1| spa d
100 1 _aLudwig, Emil.
_974618
245 1 0 _aWagner /
_cEmil Ludwig; [versión de Pedro Voltes Bou].
260 _aBarcelona :
_bMateu,
_c1962.
300 _a287 p. ;
_c19 cm.
490 1 _aTodo para muchos
700 0 _aVoltes Bou, Pedro,
_d1926-2009
_9115726
830 0 _aTodo para muchos
_9181717
852 _aES-MaACL
_jC-21786
_bR.50107
999 _c95165
_d95165